Vlaggen van Landen die beginnen met G - Statistieken

Algemene statistieken
  • Deze quiz is 2.961 keer genomen
  • De gemiddelde score is 8 van 10
Antwoordstatistieken
Foto Antwoord % Correct
Griekenland
96%
Georgië
95%
Ghana
94%
Guatemala
86%
Gabon
77%
Gambia
73%
Guinee
73%
Guinee-Bissau
67%
Grenada
65%
Guyana
63%
Geen overeenkomende quizzen gevonden
Scoreverdeling
Procent van Mensen met Elke Score
Percentiel versus Aantal Correcte Antwoorden
Uw Scoregeschiedenis
U heeft deze quiz nog niet genomen